Statistics for Premier league 21/22 signings

Click here to take the quiz!

General Stats

  • This quiz has been taken 95 times
    (68 since last reset)
  • The average score is 44 of 102

Answer Stats

Club signed fromClub signed forTransfer feeKit NumberAnswer% Correct
Aston VillaMan City£105.75 million10Jack Grealish
98%
Inter MilanChelsea£103.5 million9Romelu Lukaku
96%
OlympiacosWolves£7.2 million1Jose Sa
93%
Borussia DortmundMan United£76.5 million25Jadon Sancho
91%
Real MadridMan United£42 million19Raphael Varane
88%
Atletico MadridChelseaLoan17Saul
88%
BrightonArsenal£52.65 million4Ben White
84%
JuventusMan United£13.5 million7Cristiano Ronaldo
80%
Sheffield UnitedArsenal£25.2 million32Aaron Ramsdale
79%
Real MadridArsenal£31.5 million8Martin Odegaard
79%
AtalantaTottenham£47 million4Cristian Romero
77%
RB LeipzigLiverpool£36 million5Ibrahima Konate
77%
BarcelonaTottenham£22.5 million12Emerson Royal
73%
AnderlechtArsenal£15.75 million23Sambi Lokonga
71%
SevillaTottenham£22.5 million + Lamela11Bryan Gil
70%
Norwich CityAston Villa£34.56 million10Emiliano Buendia
70%
ChelseaWest Ham£31.5 million4Kurt Zouma
70%
BolognaArsenal£16.74 million18Takehiro Tomiyasu
70%
Bayer LeverkusenAston Villa£28.8 million31Leon Bailey
68%
BenficaArsenal£7.2 million20Nuno Tavares
68%
PSGWest HamLoan13Alphonse Areola
66%
RB SalzburgLeicester City£27 million29Patson Daka
66%
Inter MilanAston VillaFree transfer18Ashley Young
64%
SouthamptonAston Villa£31.68 million20Danny Ings
64%
SouthamptonLeicester City£15.84m23Jannik Vestergaard
63%
LilleLeicester City£18 million42Boubakary Soumare
61%
AtalantaTottenhamLoan22Pierluigi Gollini
61%
Bayer LeverkusenEverton£1.8 million11Demarai Gray
57%
BarcelonaWolvesLoan11Francisco Trincao
57%
CSKA MoscowWest Ham£27 million11Nikola Vlasic
57%
ChelseaCrystal PalaceLoan23Conor Gallagher
55%
Man UnitedLeeds United£26.19 million20Dan James
55%
BarcelonaLeeds United£13.5 million3Junior Firpo
54%
RB LeipzigLeicester CityLoan19Ademola Lookman
52%
RB LeipzigWolvesLoan26Hwang Hee Chan
52%
LyonBurnley£13.5 million20Maxwel Cornet
52%
ChelseaSouthamptonLoan18Armando Broja
50%
ArsenalNewcastle£25 million28Joe Willock
50%
SouthamptonLeicester CityFree transfer5Ryan Bertrand
50%
Crystal PalaceEvertonFree transfer14Andros Townsend
48%
Aston VillaMan UnitedFree transfer22Tom Heaton
48%
Man UnitedAston VillaLoan16Axel Tuanzebe
46%
Man UnitedNorwich CityLoan21Brandon Williams
46%
GetafeBrighton£16.2 million3Marc Cucurella
46%
BlackburnSouthampton£15.93 million9Adam Armstrong
45%
ReadingCrystal Palace£8.37 million7Michael Olise
45%
CelticCrystal Palace£14.6722Odsonne Edouard
45%
ChelseaSouthampton£5.31 million21Tino Livramento
45%
TottenhamWatfordFree transfer3Danny Rose
43%
Club BruggeWatford£3.6 million25Emmanuel Dennis
43%
Dalian ProfessionalEvertonFree transfer33Salomon Rondon
43%
MetzTottenham*£15.21 millionN/APape Matar Sarr
41%
ChelseaCrystal Palace£21 million6Marc Guehi
39%
Spartak MoscowWest HamLoan33Alex Kral
38%
ChelseaNorwich CityLoan8Billy Gilmour
38%
Man CityLeeds United£11.52 million22Jack Harrison
38%
FulhamChelseaFree transfer13Marcus Bettinelli
38%
Werder BremenNorwich City£9.9 million17Milot Rashica
38%
TottenhamWatford£3.15 million19Moussa Sissoko
38%
ChelseaBrentford£1.35 million25Myles Peart-Harris
38%
AngersWolves£9.99 million3Rayan Ait-Nouri
38%
BrestSouthampton£10.8 million15Romain Perraud
38%
CelticBrentford£14.13 million20Kristoffer Ajer
36%
Werder BremenNorwich City£8.55 million24Josh Sargent
34%
EvertonWatfordFree transfer7Joshua King
34%
LyonCrystal Palace£15.75 million16Joachim Andersen
32%
EvertonSouthamptonFree transfer32Theo Walcott
30%
BournemouthEvertonFree transfer15Asmir Begovic
29%
RB SalzburgBrighton£20.7 million12Enock Mwepu
29%
SchalkeNorwich CityLoan15Ozan Kabak
29%
WatfordCrystal Palace£6.3 million12Will Hughes
29%
ParmaWatfordLoan37Juraj Kucka
27%
TorinoSouthampton£6.75 million4Lyanco
27%
OGC NiceNorwich City£5.4 million20Pierre Lees-Melou
27%
Stoke CityBurnley£12.6 million22Nathan Collins
25%
SwanseaBurnley£2.61 million14Connor Roberts
23%
MidtjyllandBrentford£9 million12Frank Onyeka
23%
LorientBrentford£9 million11Yoane Wissa
23%
PAOKNorwich City£9.9 million18Christos Tzolis
21%
NantesWatford£9 million6Imran Louza
21%
FenerbahceWatfordLoan18Ozan Tufan
21%
BurnleyNorwich City£8.37 million4Ben Gibson
20%
PAOKNorwich City£6.75 million30Dimitris Giannoulis
20%
Club SantosNewcastleLoan?Santiago Munoz
20%
SouthamptonNorwich City£5.27 million28Angus Gunn
18%
RostovNorwich CityLoan16Mathias Normann
18%
Stoke CityWatfordLoan4Peter Etebo
18%
SunderlandCrystal PalaceFree transfer19Remi Matthews
18%
MiddlesbroughWatfordFree transfer17Ashley Fletcher
16%
Crystal PalaceBurnleyFree transfer13Wayne Hennessey
16%
HuescaBrentfordLoan40Alvaro Fernandez
14%
ValerengaLeeds United£1.8 million13Kristoffer Klaesson
14%
EvertonSouthamptonUndisclosed16Thierry Small
14%
AjaxBrighton£4.5 million16Kjell Scherpen
13%
ChelseaLeeds United£1.58 million?Lewis Bate
13%
RochdaleWatfordUndisclosed34Kwadwo Baah
11%
GrimsbyWatford£270k32Mattie Pollock
11%
Atletico NacionalWolves£4.68 million14Yerson Mosquera
11%
RangersWatford*Free transferN/ADapo Mebude
7%
FenerbahceBrentfordFree Transfer?Mathias Jorgensen
7%
ChelseaSouthampton£1.58 million?Dynel Simeu
5%
PeterboroughNorwich CityUndisclosed?Flynn Clarke
4%

Score Distribution

Percentile by Number Answered

Percent of People with Each Score

Your Score History

You have not taken this quiz since the last reset